00831nam a2200241 4500003000400000005001700004008004100021020001500062040001800077041001300095050001500108100005000123240006200173245009200235260004800327264005900375300001800434336002200452337002400474338002400498650003400522700003300556OSt20260601193853.0260417b1998 |||a||a| |||| 001 0 eng d a1564964612 aICIbspacICI aspaheng aNC730bM55 1aR. Miller Alistair and M. Brown Jarde d1952 aDesign sense : graphic design on a limited budget / leng 1aDesign Sense Graphic Design in a limited budgetcR. Miller Anistatia and M. Brown Jared aGloucester, Massachusetts :bRockportc1998 bRockport Publishersc1988aGloucester, Massachusetts : a160 páginas atexto2rdacontent asin medio2rdamedia avolumen2rdacarrier aArtes gráficas x Técnica aJared M Brown, d1964eautor